[Event "5th Ordu Open 2019"]
[Site "Ordu"]
[Date "2019.04.30"]
[Round "2.5"]
[White "Isik, Alparslan"]
[Black "Pacher, Milan"]
[Result "0-1"]
[WhiteElo "2233"]
[BlackElo "2391"]
[Annotator "NA"]
[PlyCount "74"]
[EventDate "2019.04.29"]
[EventType "swiss"]
[EventCountry "TUR"]
[SourceTitle "playchess.com"]
[Source "ChessBase"]
[SourceQuality "1"]
[TimeControl "5400+30"]

1. d4 {[%emt 0:11:30]} Nf6 {[%emt 0:00:30]} 2. Bf4 {[%emt 0:00:30]} d5 {[%emt 0:00:00]} 3. e3 {[%emt 0:00:00]} c5 {[%emt 0:00:00]} 4. c3 {[%emt 0:00:00]} Nc6 {[%emt 0:00:00]} 5. Nd2 {[%emt 0:00:30]} e6 {[%emt 0:00:00]} 6. Ngf3 {[%emt 0:00:00]} cxd4 {[%emt 0:00:30]} 7. exd4 {[%emt 0:00:00] D02: 1 d4 d5 2 Nf3 sidelines, including 2...Nf6 3 g3 and 2...Nf6 3 Bf4} Nh5 {[%emt 0:00:30]} 8. Be3 {[%emt 0:00:00]} (8. Bg5 f6 9. Be3 Bd6 10. g3 O-O 11. Nh4 g6 12. Be2 Ng7 13. O-O e5 14. dxe5 fxe5 {½-½ (59) Aronian,L (2767)-Nakamura,H (2777) chess.com INT 2018}) 8... Bd6 {[%emt 0:00:30]} 9. Ne5 {[%emt 0:01:00]} g6 {[%emt 0:02:30]} 10. Nd3 {[%emt 0:07:30]} O-O {[%emt 0:01:30]} 11. Be2 {[%emt 0:03:30]} Ng7 {[%emt 0:00:30]} 12. Bf4 $146 {[%emt 0:03:30]} ({Predecessor:} 12. O-O Qc7 13. g3 Nf5 14. Bf4 b6 {½-½ (55) Nguyen,N (2629)-Ganguly,S (2668) Doha 2016}) 12... f6 {[%emt 0:01:30]} 13. Bxd6 {[%emt 0:08:30]} Qxd6 {[%emt 0:00:00]} 14. f4 {[%emt 0:01:30]} Nf5 {[%emt 0:04:00]} 15. Qc1 {[%emt 0:06:30]} Ne3 {[%emt 0:07:30]} 16. Kf2 {[%emt 0:04:30]} Nc4 {[%emt 0:05:30]} 17. Bf3 {[%emt 0:17:30]} b5 {[%emt 0:06:30]} 18. Re1 {[%emt 0:03:30]} Rb8 {[%emt 0:02:30]} 19. b4 {[%emt 0:01:30]} a5 {[%emt 0:01:30]} 20. a3 {[%emt 0:00:30]} Ra8 {[%emt 0:00:30]} 21. Re2 {[%emt 0:14:55]} g5 {[%emt 0:07:30]} 22. Nb3 {[%emt 0:02:40]} axb4 {[%emt 0:02:30]} 23. axb4 {[%emt 0:01:29]} Rxa1 {[%emt 0:00:00]} 24. Nxa1 {[%emt 0:00:13]} gxf4 {[%emt 0:04:00]} 25. Nxf4 $11 {[%emt 0:00:17]} Ne7 {[%emt 0:00:30]} 26. Kg1 {[%emt 0:09:40]} e5 {[%emt 0:00:30]} 27. Qe1 {[%emt 0:00:40]} e4 {[%emt 0:02:30]} 28. Qg3+ {[%emt 0:00:30]} Kh8 {[%emt 0:00:00]} 29. Bh5 {[%emt 0:00:56]} Nf5 {[%emt 0:02:00]} 30. Qf2 {[%emt 0:00:42]} e3 {[%emt 0:00:30]} 31. Qf3 {[%emt 0:00:48]} Nd2 {[%emt 0:01:30]} 32. Qg4 {[%emt 0:00:25]} Rg8 {[%emt 0:02:30]} 33. Ng6+ {[%emt 0:00:44]} hxg6 {[%emt 0:00:30]} 34. Bxg6 {[%emt 0:00:00]} Nh6 {[%emt 0:00:30]} 35. Qh5 {[%emt 0:01:05]} Qf4 {[%emt 0:00:30]} 36. h3 {[%emt 0:00:00]} Nf1 {[%emt 0:01:30]} 37. Ra2 {[%emt 0:00:52]} Ng3 {[%emt 0:01:30]} 0-1

[Event "5th Ordu Open 2019"]
[Site "Ordu"]
[Date "2019.04.30"]
[Round "2.6"]
[White "Kamer, Kayra"]
[Black "Asgari, Morteza"]
[Result "0-1"]
[WhiteElo "2379"]
[BlackElo "2248"]
[Annotator "NA"]
[PlyCount "102"]
[EventDate "2019.04.29"]
[EventType "swiss"]
[EventCountry "TUR"]
[SourceTitle "playchess.com"]
[Source "ChessBase"]
[SourceQuality "1"]
[TimeControl "5400+30"]

1. e4 {[%emt 0:12:30]} c5 {[%emt 0:00:30]} 2. Nf3 {[%emt 0:00:00]} d6 {[%emt 0:00:30]} 3. d4 {[%emt 0:00:00]} cxd4 {[%emt 0:00:30]} 4. Nxd4 {[%emt 0:00:30]} Nf6 {[%emt 0:00:30]} 5. Nc3 {[%emt 0:00:00]} Nc6 {[%emt 0:00:00]} 6. Be2 {[%emt 0:03:00]} e5 {[%emt 0:00:00]} 7. Nb3 {[%emt 0:01:30]} Be7 {[%emt 0:00:00]} 8. Be3 {[%emt 0:00:00]} Be6 {[%emt 0:00:00]} 9. Bf3 {[%emt 0:01:00] B59: Classical Sicilian: 6 Be2 e5 7 Nb3} (9. Qd2 O-O 10. O-O a5 11. Rad1 a4 12. Nc1 a3 13. b3 Rc8 14. Bf3 Nb4 15. Nd5 Bxd5 16. Qxb4 Bc6 17. Ne2 Qe8 18. Ng3 d5 19. Qa5 {½-½ (61) Katz,A (2433)-Le,Q (2714) Burlingame 2019}) 9... O-O {[%emt 0:05:30]} 10. g4 {[%emt 0:00:30]} (10. O-O $11) 10... a5 {[%emt 0:00:00]} 11. g5 {[%emt 0:00:30]} Nd7 {[%emt 0:00:00]} 12. h4 {[%emt 0:08:30]} a4 {[%emt 0:01:30]} 13. Nc1 {[%emt 0:01:30]} a3 $146 {[%emt 0:08:30]} ({Predecessor:} 13... f5 14. exf5 Bxf5 15. Nd5 e4 16. Nxe7+ Qxe7 17. Qd5+ {0-1 (30) Larsplass,E (1663)-Johansen,A (1621) Oslo 2008}) 14. b3 {[%emt 0:00:00]} Nd4 {[%emt 0:04:30]} 15. Bxd4 {[%emt 0:01:00]} ({White should try} 15. Bg2 $1 $11) 15... exd4 {[%emt 0:00:30]} 16. Qxd4 {[%emt 0:01:30]} Ne5 {[%emt 0:01:30]} ({Black should try} 16... f6 $17 17. g6 hxg6) 17. Be2 {[%emt 0:02:30]} ({Better is} 17. Bg2 $1 $11) 17... Qc7 {[%emt 0:14:30]} 18. f4 {[%emt 0:01:30]} (18. Qe3 $15) 18... Rfc8 {[%emt 0:00:30]} 19. Nd1 {[%emt 0:06:30]} (19. f5 $15) 19... Nc6 {[%emt 0:04:30]} (19... Qxc2 $19 20. fxe5 dxe5) 20. Qd2 {[%emt 0:01:30] [#]} d5 $1 {[%emt 0:00:30]} 21. exd5 {[%emt 0:11:30]} Bxd5 {[%emt 0:00:30]} 22. O-O {[%emt 0:00:30]} ({Avoid the trap} 22. Qxd5 $2 Nb4 $19) 22... Nd4 {[%emt 0:10:30]} 23. c4 $2 {[%emt 0:02:30]} ({Don't go for} 23. Qxd4 $2 Bc5 $19) (23. c3 $17 {was necessary.} Qd7 24. Ne3) 23... Be4 {[%emt 0:06:30]} 24. Nf2 {[%emt 0:03:30]} ({Don't blunder} 24. Qxd4 $2 Bc5 $19) 24... Rd8 {[%emt 0:03:30]} 25. Nxe4 {[%emt 0:00:30]} Nf3+ $1 {[%emt 0:00:30] Discovered Attack} 26. Bxf3 {[%emt 0:11:30]} Rxd2 {[%emt 0:00:30]} 27. Nxd2 {[%emt 0:00:30]} Qb6+ {[%emt 0:10:30]} 28. Rf2 {[%emt 0:05:30]} Bc5 {[%emt 0:04:30]} 29. Nd3 {[%emt 0:01:30]} Bxf2+ {[%emt 0:00:30]} 30. Nxf2 {[%emt 0:00:00]} Qd4 {[%emt 0:00:30]} 31. Rd1 {[%emt 0:00:00]} Qb2 {[%emt 0:01:30]} 32. Bxb7 {[%emt 0:00:30]} Rd8 {[%emt 0:01:30]} 33. Bd5 {[%emt 0:04:30]} Qxa2 {[%emt 0:00:30]} 34. Nb1 {[%emt 0:01:15]} Kf8 {[%emt 0:02:03]} 35. b4 {[%emt 0:14:17]} Qb3 $19 {[%emt 0:03:27]} 36. Nxa3 {[%emt 0:01:00]} Qxa3 {[%emt 0:00:30]} 37. b5 {[%emt 0:00:00]} Qg3+ {[%emt 0:03:14]} 38. Kf1 {[%emt 0:00:09]} Qxh4 {[%emt 0:00:00]} 39. b6 {[%emt 0:02:05]} Qxf4 {[%emt 0:00:27]} 40. b7 {[%emt 0:00:00]} Qxg5 {[%emt 0:04:17]} 41. c5 {[%emt 0:00:00]} Qf4 {[%emt 0:00:49]} 42. c6 {[%emt 0:00:10]} Ke7 {[%emt 0:03:57]} 43. Kg2 {[%emt 0:04:10]} Kd6 {[%emt 0:01:13]} 44. Ne4+ {[%emt 0:01:30]} Kc7 {[%emt 0:01:28]} 45. Nc5 {[%emt 0:00:02]} Qg4+ {[%emt 0:02:06]} 46. Kf2 {[%emt 0:01:15]} Qxd1 {[%emt 0:00:30]} 47. Na6+ {[%emt 0:00:00]} Kb6 {[%emt 0:00:25]} 48. c7 {[%emt 0:00:26]} Qc2+ {[%emt 0:00:03]} 49. Ke3 {[%emt 0:00:33]} Qxc7 {[%emt 0:00:36]} 50. Nxc7 {[%emt 0:00:30]} Kxc7 {[%emt 0:00:10]} 51. Bf3 {[%emt 0:00:10]} Rb8 {[%emt 0:00:17]} 0-1

[Event "5th Ordu Open 2019"]
[Site "Ordu"]
[Date "2019.04.30"]
[Round "2.7"]
[White "Gunduz, Umut Erdem"]
[Black "Tanriverdi, Enes"]
[Result "0-1"]
[WhiteElo "2216"]
[BlackElo "2348"]
[Annotator "NA"]
[PlyCount "100"]
[EventDate "2019.04.29"]
[EventType "swiss"]
[EventCountry "TUR"]
[SourceTitle "playchess.com"]
[Source "ChessBase"]
[SourceQuality "1"]
[TimeControl "5400+30"]

1. e4 {[%emt 0:12:30]} c5 {[%emt 0:00:30]} 2. Nf3 {[%emt 0:00:00]} d6 {[%emt 0:00:00]} 3. d4 {[%emt 0:06:00]} cxd4 {[%emt 0:00:00]} 4. Nxd4 {[%emt 0:00:30]} Nf6 {[%emt 0:00:30]} 5. Nc3 {[%emt 0:00:30]} a6 {[%emt 0:00:00]} 6. Bg5 {[%emt 0:01:30]} e6 {[%emt 0:05:00]} 7. f4 {[%emt 0:01:30]} h6 {[%emt 0:00:30]} 8. Bh4 {[%emt 0:09:30]} Qb6 {[%emt 0:00:00]} 9. Qd3 {[%emt 0:01:30] B96: Sicilian Najdorf: 6 Bg5 e6 7 f4, lines other than 7...Qb6 and 7...Be7} (9. a3 Be7 10. Bf2 Qc7 11. Qf3 Nbd7 12. O-O-O b5 13. g4 Bb7 14. h4 Nc5 15. Bd3 h5 16. g5 Ng4 17. Rhg1 {½-½ (25) Grischuk,A (2766)-Vachier Lagrave,M (2779) Saint Louis 2018}) 9... Nbd7 {[%emt 0:09:00]} 10. O-O-O {[%emt 0:02:30]} Be7 {[%emt 0:00:30]} 11. f5 {[%emt 0:07:30]} e5 {[%emt 0:02:30]} 12. Nb3 {[%emt 0:01:30]} Qc7 {[%emt 0:17:30]} 13. Be2 {[%emt 0:10:30]} b5 {[%emt 0:00:30]} 14. a3 {[%emt 0:03:30]} Bb7 {[%emt 0:00:30]} 15. Bf3 $146 {[%emt 0:08:30]} ({Predecessor:} 15. g4 Rc8 16. Kb1 Nxe4 17. Nxe4 Bxe4 18. Qxe4 Bxh4 {0-1 (30) Zwirs,N (2324)-Guliyev,N (2549) Hilversum 2015}) 15... Bc6 {[%emt 0:01:30]} 16. Kb1 {[%emt 0:09:30]} (16. g4 $11) 16... Rb8 {[%emt 0:00:30]} (16... O-O $15) 17. Be1 {[%emt 0:02:49]} Nb6 {[%emt 0:02:30]} (17... b4 $17 18. axb4 Rxb4) 18. Na5 {[%emt 0:02:28]} Bd7 {[%emt 0:07:30]} 19. Bh4 {[%emt 0:12:15]} Na4 {[%emt 0:01:30]} 20. Nxa4 {[%emt 0:01:53]} bxa4 {[%emt 0:03:30]} 21. Nc4 {[%emt 0:01:55]} O-O {[%emt 0:00:30]} 22. Bxf6 {[%emt 0:01:37]} Bxf6 {[%emt 0:00:30]} 23. Nxd6 {[%emt 0:00:46]} Rb6 {[%emt 0:01:30]} 24. Rd2 {[%emt 0:01:15]} Bg5 {[%emt 0:00:30]} 25. Nc4 {[%emt 0:00:00]} Bb5 {[%emt 0:01:30]} 26. Nxb6 {[%emt 0:00:27]} Bxd3 {[%emt 0:00:30]} 27. Nd5 {[%emt 0:00:00]} Qb7 {[%emt 0:01:30]} 28. Rxd3 {[%emt 0:00:10]} Rb8 {[%emt 0:00:30]} 29. b3 {[%emt 0:00:00]} axb3 {[%emt 0:00:30]} 30. Rxb3 {[%emt 0:00:03]} Qa7 {[%emt 0:00:30]} 31. Rd1 {[%emt 0:01:22]} a5 {[%emt 0:00:30]} 32. a4 {[%emt 0:00:54]} Rc8 {[%emt 0:01:30]} 33. Rdd3 {[%emt 0:01:03]} Qg1+ {[%emt 0:00:30]} 34. Rd1 {[%emt 0:00:29]} Qf2 {[%emt 0:01:30]} 35. Rc3 {[%emt 0:00:17]} Rxc3 $19 {[%emt 0:04:30] and life is good for Black.} (35... Qc5 $4 {[%emt 0:03:30][%mdl 8192]}) 36. Nxc3 {[%emt 0:00:30]} Qc5 {[%emt 0:00:30]} (36... Qb6+ 37. Nb5 Qc5) 37. Nd5 {[%emt 0:00:30]} Qa3 {[%emt 0:00:30]} 38. h4 {[%emt 0:00:30]} Bxh4 {[%emt 0:00:30]} 39. Rd3 {[%emt 0:00:30]} Qxa4 {[%emt 0:00:30]} 40. Rb3 {[%emt 0:00:30]} Qd7 {[%emt 0:00:30]} 41. Be2 {[%emt 0:00:30]} a4 {[%emt 0:00:30]} 42. Rb4 {[%emt 0:00:30]} Qa7 {[%emt 0:00:30]} 43. Bc4 {[%emt 0:00:44]} Qg1+ {[%emt 0:05:30]} 44. Ka2 $19 {[%emt 0:00:23]} Qxg2 {[%emt 0:01:30]} 45. Rb8+ {[%emt 0:00:30]} Kh7 {[%emt 0:00:30]} 46. Ne3 {[%emt 0:00:00]} Qxe4 {[%emt 0:04:30]} 47. Bxf7 {[%emt 0:00:24]} h5 {[%emt 0:00:00]} 48. Bg6+ {[%emt 0:01:41]} Kh6 {[%emt 0:00:00]} 49. Rh8+ {[%emt 0:00:30]} Kg5 {[%emt 0:00:00]} 50. Rxh5+ {[%emt 0:00:20]} Kf6 {[%emt 0:00:00]} 0-1

[Event "5th Ordu Open 2019"]
[Site "Ordu"]
[Date "2019.04.30"]
[Round "2.8"]
[White "Lortkipanidze, Nodar"]
[Black "Yuksel, Atilla Koksal"]
[Result "1/2-1/2"]
[WhiteElo "2320"]
[BlackElo "2248"]
[Annotator "NA"]
[PlyCount "172"]
[EventDate "2019.04.29"]
[EventType "swiss"]
[EventCountry "TUR"]
[SourceTitle "playchess.com"]
[Source "ChessBase"]
[SourceQuality "1"]
[TimeControl "5400+30"]

1. Nf3 {[%emt 0:08:30]} c5 {[%emt 0:01:30]} 2. b3 {[%emt 0:01:30]} Nc6 {[%emt 0:01:30]} 3. Bb2 {[%emt 0:00:30]} d5 {[%emt 0:00:30]} 4. e3 {[%emt 0:00:00]} Nf6 {[%emt 0:01:30]} 5. Bb5 {[%emt 0:04:00]} Bd7 {[%emt 0:01:30]} 6. O-O {[%emt 0:01:30]} e6 {[%emt 0:01:30]} 7. Bxc6 {[%emt 0:01:30]} Bxc6 {[%emt 0:00:30]} 8. Ne5 {[%emt 0:00:00]} Bd6 {[%emt 0:17:30]} 9. Nxc6 {[%emt 0:01:00]} bxc6 {[%emt 0:02:30]} 10. f4 {[%emt 0:00:30]} O-O {[%emt 0:00:30]} 11. Nc3 {[%emt 0:03:30] A03: Bird's Opening with 1...d5} e5 {[%emt 0:10:30]} 12. fxe5 {[%emt 0:02:30]} (12. Na4 exf4 13. exf4 Re8 14. Qf3 Rb8 15. Rae1 c4 16. Rxe8+ Nxe8 17. Re1 Bf8 18. Bd4 a6 {0-1 (48) Avdic,M (2293)-Nurkic,S (2368) Tuzla 2009}) 12... Bxe5 {[%emt 0:00:30]} 13. Na4 {[%emt 0:00:00]} Bxb2 {[%emt 0:00:30]} 14. Nxb2 {[%emt 0:00:00]} Qd6 $146 {[%emt 0:01:30]} ({Predecessor:} 14... c4 15. bxc4 d4 16. Qf3 dxe3 17. dxe3 Re8 18. Nd3 Qe7 {0-1 (30) Ashcar,D (1685)-Caldeira,T (2009) Sao Paulo 2015}) 15. Qf3 {[%emt 0:06:30]} Ne4 {[%emt 0:04:30]} 16. Rad1 {[%emt 0:00:30]} Rae8 {[%emt 0:00:30]} 17. Na4 {[%emt 0:02:30]} c4 {[%emt 0:05:30]} 18. d3 {[%emt 0:08:30]} cxd3 {[%emt 0:00:30]} 19. cxd3 {[%emt 0:00:30]} Nc5 {[%emt 0:02:30]} 20. Nxc5 {[%emt 0:04:30]} Qxc5 {[%emt 0:00:30]} 21. d4 {[%emt 0:00:00]} Qa3 {[%emt 0:02:30]} 22. Rd2 {[%emt 0:01:00]} Re4 {[%emt 0:03:30]} 23. Rc2 {[%emt 0:03:30]} Qe7 {[%emt 0:03:30]} 24. Rxc6 {[%emt 0:02:30]} Rxe3 {[%emt 0:00:00]} 25. Qxd5 {[%emt 0:00:30]} Re1 {[%emt 0:00:00]} 26. Qf3 {[%emt 0:00:30]} Rxf1+ {[%emt 0:00:30]} 27. Qxf1 {[%emt 0:01:30]} Rd8 {[%emt 0:04:30]} 28. Rc4 {[%emt 0:01:30]} Rxd4 {[%emt 0:02:30]} 29. Rc8+ {[%emt 0:05:30]} Rd8 {[%emt 0:00:30]} 30. Qe2 {[%emt 0:00:30]} Qd7 {[%emt 0:01:30]} 31. Rxd8+ {[%emt 0:00:30]} Qxd8 {[%emt 0:00:30]} 32. Qe3 {[%emt 0:00:00]} Qd7 {[%emt 0:01:30]} 33. h3 {[%emt 0:00:00]} g6 {[%emt 0:00:30]} 34. Qf4 {[%emt 0:00:30]} Qe7 {[%emt 0:03:30]} 35. b4 {[%emt 0:02:30]} Qd7 {[%emt 0:01:30]} 36. Qb8+ {[%emt 0:00:30]} Kg7 {[%emt 0:00:00]} 37. Qe5+ {[%emt 0:00:30]} Kg8 {[%emt 0:00:00]} 38. b5 {[%emt 0:00:00]} Qd1+ {[%emt 0:00:30]} 39. Kh2 {[%emt 0:00:00]} Qa4 {[%emt 0:00:30]} 40. Qd5 {[%emt 0:00:30]} Qf4+ {[%emt 0:02:30]} 41. Kg1 {[%emt 0:01:30]} Qe3+ {[%emt 0:02:30]} 42. Kf1 {[%emt 0:00:30]} Kg7 {[%emt 0:02:30]} 43. Qc4 {[%emt 0:00:30]} Qa3 {[%emt 0:00:30]} 44. Ke2 {[%emt 0:00:30]} h5 {[%emt 0:01:28]} 45. Kd1 {[%emt 0:00:30]} Kg8 {[%emt 0:02:24]} 46. Kc2 {[%emt 0:00:30]} Qg3 {[%emt 0:01:28]} 47. Qd5 {[%emt 0:01:30]} Qa3 {[%emt 0:00:16]} 48. Qb3 {[%emt 0:01:30]} Qc5+ {[%emt 0:00:09]} 49. Kd3 {[%emt 0:03:30]} Qf2 {[%emt 0:01:23]} 50. Qd5 {[%emt 0:01:30]} Qg3+ {[%emt 0:00:37]} 51. Kc4 {[%emt 0:01:30]} Qa3 {[%emt 0:00:21]} 52. Qd2 {[%emt 0:00:30]} Kh7 {[%emt 0:02:06]} 53. Kd5 {[%emt 0:00:30]} Qe7 {[%emt 0:00:05]} 54. Kc6 {[%emt 0:00:30]} Qe6+ {[%emt 0:00:29]} 55. Kc5 {[%emt 0:03:30]} Qb6+ {[%emt 0:01:35]} 56. Kb4 {[%emt 0:00:30]} Qc7 {[%emt 0:01:00]} 57. Qd5 {[%emt 0:00:30]} Qe7+ {[%emt 0:00:26]} 58. Kc4 {[%emt 0:02:30]} Qc7+ {[%emt 0:01:32]} 59. Kb3 {[%emt 0:02:30]} Qe7 {[%emt 0:01:46]} 60. a4 {[%emt 0:03:30]} Qe3+ {[%emt 0:00:54]} 61. Kc4 {[%emt 0:01:30]} Qc1+ {[%emt 0:03:29]} 62. Kb4 {[%emt 0:00:30]} Qe1+ {[%emt 0:00:05]} 63. Kc5 {[%emt 0:01:30]} Qf2+ {[%emt 0:00:39]} 64. Kc6 {[%emt 0:08:22]} Qc2+ {[%emt 0:02:06]} 65. Kb7 {[%emt 0:00:30]} Qxa4 {[%emt 0:00:30]} 66. Qxf7+ {[%emt 0:00:30]} Kh6 {[%emt 0:00:00]} 67. Qd5 {[%emt 0:00:00]} Qa5 {[%emt 0:01:06]} 68. Qc6 {[%emt 0:00:00]} Qa3 {[%emt 0:00:31]} 69. Ka8 {[%emt 0:00:58]} Qe3 {[%emt 0:02:41]} 70. Qb7 {[%emt 0:00:06]} Qc5 {[%emt 0:01:35]} 71. h4 {[%emt 0:00:34]} Qb4 {[%emt 0:00:35]} 72. Qc8 {[%emt 0:01:07]} Qd4 {[%emt 0:01:26]} 73. Qg8 {[%emt 0:00:58]} Qe4+ {[%emt 0:01:16]} 74. Kxa7 {[%emt 0:00:30]} Qe7+ {[%emt 0:00:00]} 75. Kb6 {[%emt 0:01:19]} Qd6+ {[%emt 0:00:15]} 76. Kb7 {[%emt 0:00:00]} Qe7+ {[%emt 0:00:30]} 77. Kc6 {[%emt 0:00:27]} Qf6+ {[%emt 0:00:00]} 78. Kc5 {[%emt 0:00:34]} Qf2+ {[%emt 0:00:19]} 79. Kb4 {[%emt 0:00:20]} Qd2+ {[%emt 0:00:15]} 80. Ka4 {[%emt 0:00:36]} Qd4+ {[%emt 0:00:30]} 81. Ka5 {[%emt 0:00:02]} Qa7+ {[%emt 0:00:19]} 82. Kb4 {[%emt 0:00:30]} Qe7+ {[%emt 0:00:00]} 83. Kc3 {[%emt 0:00:43]} Qe3+ {[%emt 0:00:00]} 84. Kc4 {[%emt 0:00:33]} Qe4+ {[%emt 0:00:05]} 85. Kc5 {[%emt 0:00:41]} Qe7+ $11 {[%emt 0:00:30]} 86. Kc6 {[%emt 0:00:30]} Qf6+ {[%emt 0:00:00]} 1/2-1/2

[Event "5th Ordu Open 2019"]
[Site "Ordu"]
[Date "2019.04.30"]
[Round "2.9"]
[White "Ozsakallioglu, Okan"]
[Black "Mosadeghpour, Masoud"]
[Result "1-0"]
[WhiteElo "2125"]
[BlackElo "2534"]
[Annotator "TA"]
[PlyCount "89"]
[EventDate "2019.04.29"]
[EventType "swiss"]
[EventCountry "TUR"]
[SourceTitle "playchess.com"]
[Source "ChessBase"]
[SourceQuality "1"]

{[%evp 16,89,17,0,0,0,49,49,54,29,83,39,39,35,37,38,40,39,37,40,58,50,62,43,58,58,58,58,58,58,61,59,73,40,54,27,27,31,28,24,74,12,12,12,12,12,74,74,74,74,74,74,140,147,147,147,503,155,5934,5353,29973,29974,29973,29975,29975,29970,29979,29974,29973,29973,29971,29972,29973,29972,29977,29968]} 1. Nf3 c5 2. c4 Nc6 3. g3 g6 4. Bg2 Bg7 5. O-O e6 6. Nc3 Nge7 7. e3 O-O 8. d4 d6 9. b3 Nf5 {[%cal Rc5d4] A37: Symmetrical English vs ...g6: 4 Bg2 Bg7 5 Nf3} 10. Ne2 (10. Bb2 cxd4 11. Nxd4 Ncxd4 12. exd4 Nxd4 13. Qd2 e5 14. Rad1 Bg4 15. f3 Be6 16. f4 Qd7 17. Nd5 {½-½ (57) Giri,A (2773)-Grischuk,A (2781) Stavanger 2015}) 10... Rb8 11. Bb2 b6 {White is slightly better.} 12. Qd2 Ba6 $146 (12... cxd4 $11 {remains equal.} 13. Nfxd4 (13. exd4 Bb7 $11) (13. Nexd4 Ncxd4 14. Nxd4 Nxd4 $14) 13... Ncxd4 14. Nxd4 Nxd4 15. Bxd4 Bxd4 16. Qxd4 (16. exd4 Qc7 $14) 16... e5) ({Predecessor:} 12... Bb7 13. Rfd1 Qc7 14. e4 Nfe7 15. dxc5 dxc5 16. Bxg7 Kxg7 17. Qd7 Qxd7 18. Rxd7 {½-½ (30) Nieto,M (1996)-Anuprita,P (2075) Arlington 2013}) 13. e4 Nfxd4 14. Nfxd4 cxd4 15. Nxd4 Nxd4 16. Bxd4 Bxd4 17. Qxd4 Qe7 18. Rfd1 Rbd8 19. a4 Qc7 20. Qf6 Rd7 21. Rd3 Rfd8 22. h4 Qc5 23. Rad1 h5 24. Bh3 Kh7 25. e5 d5 26. Rd4 {Black must now prevent cxd5.} Bb7 27. Bg2 Qc7 28. cxd5 ({White should play} 28. R1d2 $16) 28... Bxd5 $11 29. Bxd5 Rxd5 30. Rxd5 Rxd5 (30... exd5 $11 31. b4 Rd7) 31. Rxd5 $16 exd5 {[%mdl 4096] Endgame KQ-KQ} 32. Qd6 $1 {[%cal Rd6c7]} Qb7 33. b4 $1 a6 (33... Kg7 $142) 34. b5 axb5 35. axb5 {[%cal Ba4b5,Bb5b6][%mdl 32]} Qa8 $2 {[%mdl 8192] [#]} (35... Qa7 $16 {is more resistant.}) 36. Kh2 $2 (36. e6 $1 $18 Qa1+ {[#]} 37. Kg2 $1 {[%mdl 512]} fxe6 38. Qxb6) 36... Qa2 $2 (36... Qb7 $16 37. Qd8 Kg7 38. Qf6+ Kh7) 37. Qxb6 $18 Qb2 38. Qf6 {White mates.} Kg8 39. b6 Qd4 40. Kg1 ({Weaker is} 40. b7 Qb2 $16) 40... Qe4 41. Qc6 Qe1+ 42. Kg2 Qe4+ 43. Kh2 Qd4 44. Kg1 Qd1+ 45. Kg2 {Accuracy: White = 59%, Black = 39%.} 1-0

[Event "5th Ordu Open 2019"]
[Site "Ordu"]
[Date "2019.04.30"]
[Round "2.10"]
[White "Annaberdiev, Meilis"]
[Black "Alinasab, Mobina"]
[Result "1-0"]
[WhiteElo "2525"]
[BlackElo "2215"]
[Annotator "TA"]
[PlyCount "61"]
[EventDate "2019.04.29"]
[EventType "swiss"]
[EventCountry "TUR"]
[SourceTitle "playchess.com"]
[Source "ChessBase"]
[SourceQuality "1"]

{[%evp 10,211,12,0,22,22,28,20,30,25,38,39,53,28,28,30,36,35,39,37,18,23,33,12,26,-8,27,19,17,7,17,13,17,27,15,21,26,0,11,10,14,10,16,0,0,2,18,22,30,33,33,10,10,0,91,89,103,26,26,26,63,64,77,64,101,100,94,103,90,93,100,66,100,84,102,95,98,89,103,103,422,296,294,287,281,150,150,150,150,141,139,40,40,40,40,19,145,145,145,145,29983,470,8660,5081,8585,8372,8368,8296,7978,6484,1237,470,6554,6781,4637,4134,2214,769,695,739,655,593,484,470,470,470,462,280,287,280,29973,29975,29976,413,29974,494,529,483,449,402,451,416,29975,29978,29978,29979,29981,29980,29986,29984,29984,29984,29984,29982,29984,29985,29984,29982,29982,29982,29982,29983,29983,29979,29979,29975,29977,29976,29976,29976,29976,29973,29971,0,4205,0,0,0,0,0,0,0,0,0,29978,29979,29979,29980,29979,29977,29977,0,29979,29979,29979,29980,29980,29979,29988,29989,29990,29991,29991,29992]} 1. Nf3 Nf6 2. c4 e6 3. e3 b6 4. b3 Bb7 5. Bb2 c5 6. Be2 d6 {A30: Symmetrical English: Double Fianchetto and Hedgehog} (6... Be7 7. d4 cxd4 8. Nxd4 O-O 9. O-O d6 10. Bf3 Qc8 11. Nc3 Nbd7 12. Qe2 a6 13. Rad1 Rd8 14. Bxb7 Qxb7 15. e4 Rac8 16. f4 Nc5 17. Rfe1 {½-½ (52) Grischuk,A (2772)-Yu,Y (2751) Huaian 2017}) 7. O-O Nbd7 8. Nc3 a6 {The position is equal.} 9. d4 cxd4 10. Nxd4 Qc7 11. Bf3 Be7 12. Rc1 Rc8 13. Qe2 O-O 14. Bxb7 $146 ({Predecessor:} 14. Kh1 Rfd8 15. Rfd1 Bf8 16. Bxb7 Qxb7 17. f3 Ne5 18. Rd2 d5 19. cxd5 Nxd5 20. Nxd5 Rxc1+ 21. Bxc1 Rxd5 {½-½ (46) Kozeny,P (2010)-Hrdina,R (2246) Czech Republic 2018}) 14... Qxb7 15. e4 Rfe8 16. Kh1 Bf8 17. f4 d5 18. e5 Ne4 19. cxd5 Nxc3 20. Rxc3 Rxc3 21. Bxc3 exd5 22. Nf5 Nc5 23. Bb4 Qd7 24. Bxc5 bxc5 25. Ne3 d4 26. Qd3 f6 27. Nc4 fxe5 28. Nxe5 Qe6 29. Re1 Bd6 30. Qxa6 Bxe5 31. Qxe6+ {Played: Qa6-b5} 1-0